Normal view
MARC view
Entry Personal Name
001 - CONTROL NUMBER
- control field: 64113
003 - CONTROL NUMBER IDENTIFIER
- control field: dpl
005 - DATE AND TIME OF LATEST TRANSACTION
- control field: 20240401165119.0
008 - FIXED-LENGTH DATA ELEMENTS
- fixed length control field: 240401|| aca||aabn | a|a d
040 ## - CATALOGING SOURCE
- Original cataloging agency: dpl
- Transcribing agency: dpl
100 ## - HEADING--PERSONAL NAME
- Personal name: कोठरी,दीपक
670 ## - SOURCE DATA FOUND
- Source citation: Work cat.: (dpl)201861: कोठरी,दीपक , शून्य से गगन;संघर्ष की एक बेमिसाल गाथा/, 2023
